000 01029nam a2200205 i 4500
001 164742
003 ES-MaACL
005 20230906213008.0
008 961031s1892 sp |||| | spa d
040 _aCLM
_bspa
_cCLM
100 1 _aSantamaría y Bustamante, Manuel.
_9132427
245 1 3 _aEl ictiol
_b: su estudio clínico y terapeutico con un apéndice acerca de sus aplicaciones en las enfermedades de los paises cálidos /
_cpor el Doctor Don Manuel Santamaria y Bustamante.
260 _aMadrid :
_b[s.n.],
_c1892 (
_fEstablecimiento tipográfico de G. Pedraza)
300 _a59 p. ;
_c21 cm.
530 _aDisponible también en sito web.
650 4 _aAntisépticos.
_9148882
852 _aES-MaACL
_jT-945-F-3
_z-- Enc. hol. conservando la cub. original
_z-- Sello del Ministerio de Fomento, Deposito de Libros
_z-- Enc. en un vol. facticio
852 _aES-MaACL
_jT-561-F-7
856 _uhttp://bibliotecadigitalhispanica.bne.es:80/webclient/DeliveryManager?pid=1832922&custom_att_2=simple_viewer
_zIr a la página
999 _c164742
_d164742